=LDR 00000nam 2200000 4500 =001 INLIS000000000054551 =005 20200213075235 =035 ##$$a 0010-0220000113 =007 ta =008 200213###########################0#ind## =020 ##$$a 978-6502-7820-73-9 =082 ##$$a 297.51 =084 ##$$a 297.51 fat d =245 1#$$a diary jihad dan cinta : $b Perjalanan cinta seorang istri dan ibu mujahid /$c Fatimah Zahrah =300 ##$$a 296 halaman ; $c 19 Cm. =500 ##$$a Biografi : halaman 263-264 =650 #4$$a Akhlak =700 #$$a Penyunting ; Irin hidayat =264 ##$$a Yogyakarta :$b Pro-U-Media,$c 2017 =336 ##$$a teks$2 rdacontent =337 ##$$a lain-lain$2 rdamedia =338 ##$$a lain-lain$2 rdacarrier =990 ##$$a 5328253282 =990 ##$$a 5328253282